[Event "Detroit (MOR/3/100)"]
[Site "?"]
[Date "1992.??.??"]
[Round "?"]
[White "Mitchell, C."]
[Black "Lester, T."]
[Result "1/2-1/2"]
[WhiteElo "1605"]
[BlackElo "1605"]
[PlyCount "63"]
[EventDate "1992.??.??"]

{3/(100)} 1. d4 c5 2. e3 cxd4 3. exd4 d5 4. Nf3 Nc6 5. Bd3 e6 6. O-O Nf6 7. c3
Bd6 8. Bg5 O-O 9. Qc2 h6 10. Bxf6 Qxf6 11. Nbd2 Re8 12. Rfe1 e5 13. dxe5 Nxe5
14. Nxe5 Rxe5 15. Rxe5 Qxe5 16. Nf3 Qf6 17. Re1 Bd7 18. Qb3 Bc6 19. Nd4 Rb8 20.
Qc2 Bc5 21. Nxc6 bxc6 22. Re2 Qf4 23. b4 Bd6 24. g3 Qg5 25. Re1 h5 26. Kf1 h4
27. a3 hxg3 28. hxg3 Qf6 29. Kg2 c5 30. bxc5 Bxc5 31. a4 g6 32. Bb5 1/2-1/2

[Event "Detroit (MOR/7/104)"]
[Site "?"]
[Date "1992.??.??"]
[Round "?"]
[White "Mitchell, C."]
[Black "Holland, K."]
[Result "1/2-1/2"]
[WhiteElo "1605"]
[BlackElo "1605"]
[PlyCount "49"]
[EventDate "1992.??.??"]

{7/(104)} 1. d4 d5 2. Nf3 e6 3. e3 Nf6 4. Bd3 g6 5. c3 b6 6. Nbd2 Bb7 7. O-O
Bg7 8. Qe2 O-O 9. e4 dxe4 10. Nxe4 Nxe4 11. Bxe4 Bxe4 12. Qxe4 c6 13. Bf4 Qd5
14. Qxd5 cxd5 15. Rfe1 Nd7 16. Rad1 Rac8 17. Ne5 Nxe5 18. Bxe5 a5 19. Bxg7 Kxg7
20. Re5 b5 21. Rde1 h5 22. f4 Rh8 23. h3 Rc4 24. R1e2 Rhc8 25. Rc2 1/2-1/2

[Event "Detroit (MOR/4/95)"]
[Site "?"]
[Date "1992.??.??"]
[Round "?"]
[White "Mitchell, C."]
[Black "Gregg, Ted"]
[Result "1/2-1/2"]
[WhiteElo "1605"]
[BlackElo "1605"]
[PlyCount "46"]
[EventDate "1992.??.??"]

{4/(95)} 1. d4 d5 2. Nf3 Nf6 3. e3 Bg4 4. Nbd2 e6 5. Bd3 c5 6. c3 Bd6 7. Qc2
Nbd7 8. O-O Rc8 9. dxc5 Nxc5 10. Re1 Qc7 11. Bb5+ Ncd7 12. Bxd7+ Qxd7 13. e4
dxe4 14. Nxe4 Nxe4 15. Qxe4 Bxf3 16. Qxf3 O-O 17. Be3 b6 18. Rad1 Rc6 19. Bf4
Qc7 20. Bxd6 Rxd6 21. Rxd6 Qxd6 22. Rd1 Qc7 23. Rd3 g6 1/2-1/2

[Event "Flint (Beg/2)"]
[Site "?"]
[Date "1992.??.??"]
[Round "?"]
[White "Miller, Jess"]
[Black "Velasquez, A."]
[Result "0-1"]
[WhiteElo "1605"]
[BlackElo "1605"]
[PlyCount "84"]
[EventDate "1992.??.??"]

1. d4 Nf6 2. Nf3 d6 3. e3 g6 4. c4 Bg7 5. Nc3 O-O 6. Be2 Nbd7 7. O-O c5 8. g3
cxd4 9. Qxd4 Nc5 10. Qd2 Bf5 11. Nd4 Nce4 12. Nxe4 Nxe4 13. Qb4 Bh3 14. Rd1 Qd7
15. b3 a5 16. Qb5 Qxb5 17. cxb5 Nc3 18. Rd2 Nxe2+ 19. Rxe2 e5 20. Nc2 Rac8 21.
a4 Rc3 22. Rb1 Rfc8 23. Rb2 Be6 24. Rd2 Bf8 25. Kg2 Rxb3 26. Rd1 Rxb2 27. Bxb2
Rxc2 28. Ba3 d5 29. Bxf8 Kxf8 30. h3 Ra2 31. Rc1 Rxa4 32. Rc7 Rb4 33. Rxb7 a4
34. b6 d4 35. Rb8+ Kg7 36. b7 Bd5+ 37. Kh2 Bxb7 38. exd4 exd4 39. h4 a3 40. Re8
a2 41. Re1 Rb1 42. Rxb1 axb1=Q 0-1

[Event "Flint (Beg/4)"]
[Site "?"]
[Date "1992.??.??"]
[Round "?"]
[White "Miller, Jess"]
[Black "Turner, Alan"]
[Result "1-0"]
[WhiteElo "1605"]
[BlackElo "1605"]
[PlyCount "51"]
[EventDate "1992.??.??"]

1. d4 c6 2. Bf4 e5 3. Bxe5 d6 4. Bg3 Nd7 5. Nf3 d5 6. Nc3 Ngf6 7. Bh4 c5 8.
Bxf6 gxf6 9. Nxd5 Bh6 10. e4 b6 11. Bb5 Rg8 12. g3 a6 13. Bc6 Ra7 14. e5 fxe5
15. Nxe5 f6 16. Ng4 Bg7 17. Qf3 Rf8 18. O-O h5 19. Nge3 Bh8 20. Qxh5+ Rf7 21.
Qxh8+ Rf8 22. Qh5+ Rf7 23. Nf5 a5 24. Rae1+ Qe7 25. Rxe7+ Kd8 26. Qxf7 1-0

[Event "Detroit (Pan Am/2)"]
[Site "?"]
[Date "1992.??.??"]
[Round "?"]
[White "Miller, Dan"]
[Black "Rosebrook, G."]
[Result "1-0"]
[WhiteElo "1605"]
[BlackElo "1605"]
[PlyCount "73"]
[EventDate "1992.??.??"]

1. d4 Nf6 2. Bf4 e6 3. Nf3 b6 4. c4 Bb7 5. e3 Qe7 6. a3 d6 7. Nc3 a6 8. Be2 h6
9. b4 Nbd7 10. O-O g5 11. Bg3 Bg7 12. b5 Ne4 13. Nxe4 Bxe4 14. a4 h5 15. h3 h4
16. Bh2 Nf6 17. Nxg5 Bg6 18. bxa6 d5 19. cxd5 Nxd5 20. Nf3 Nc3 21. Qd2 Ne4 22.
Qc1 O-O 23. Qxc7 Qxc7 24. Bxc7 Nc3 25. Bb5 Nxb5 26. axb5 Bd3 27. Rfe1 Bxb5 28.
a7 Bf6 29. Bxb6 Kh7 30. Kh2 Be7 31. e4 Rg8 32. e5 Bc6 33. Re3 Bd5 34. Rc1 Bg5
35. Nxg5+ Rxg5 36. f3 Rag8 37. Re2 1-0

[Event "Detroit (Pan Am/5)"]
[Site "?"]
[Date "1992.??.??"]
[Round "?"]
[White "Miller, Dan"]
[Black "Marinelli, Philip"]
[Result "1/2-1/2"]
[WhiteElo "1605"]
[BlackElo "1920"]
[PlyCount "102"]
[EventDate "1992.??.??"]

1. d4 Nf6 2. Nf3 d5 3. e3 c5 4. Nc3 c4 5. b3 b5 6. Nxb5 Qa5+ 7. Nc3 Qxc3+ 8.
Bd2 Qb2 9. bxc4 Bf5 10. Bd3 Bxd3 11. cxd3 Qa3 12. Qb3 Qxb3 13. axb3 e6 14. O-O
Nc6 15. c5 Be7 16. b4 O-O 17. b5 Nb8 18. c6 Rc8 19. Rfc1 Ne8 20. Ne5 f6 21. b6
axb6 22. Rxa8 Nc7 23. Ra7 fxe5 24. dxe5 Kf8 25. d4 Nba6 26. Rb7 b5 27. Ba5 Bb4
28. Bxb4+ Nxb4 29. g3 g5 30. Kg2 Kg7 31. Rb1 Nba6 32. R1xb5 Kg6 33. R5b6 Ra8
34. h3 h5 35. g4 Kh6 36. gxh5 Kxh5 37. Kg3 Kg6 38. Kg4 Kh6 39. f3 Kg6 40. e4
Kh6 41. Rb3 Kg6 42. Rb2 Kh6 43. Rg2 Kg6 44. h4 gxh4 45. Kxh4+ Kh6 46. Rg5 Rf8
47. Kg4 Rxf3 48. Kxf3 Kxg5 49. Ra7 dxe4+ 50. Kxe4 Kg4 51. Kd3 Kf4 1/2-1/2

[Event "Lansing (Apr)"]
[Site "?"]
[Date "1992.??.??"]
[Round "?"]
[White "Mikus, Jim"]
[Black "Anderson, Gale"]
[Result "0-1"]
[WhiteElo "1780"]
[BlackElo "1770"]
[PlyCount "77"]
[EventDate "1992.??.??"]

1. e4 e5 2. f4 Nc6 3. Nf3 d6 4. Bc4 Be7 5. O-O Nf6 6. d3 h6 7. c3 Bd7 8. b4 a6
9. a4 Ng4 10. f5 Nf6 11. Qe1 Rb8 12. Qg3 Rh7 13. Be3 Kf8 14. Nbd2 Qc8 15. Qf2
b6 16. h3 Qb7 17. g4 Nd8 18. Qg2 b5 19. axb5 Bxb5 20. g5 Bxc4 21. gxf6 Bxf6 22.
Nxc4 Nc6 23. Kh1 Ke7 24. Qd2 Nd8 25. Rfb1 g5 26. fxg6 fxg6 27. Qa2 Ne6 28. Qxa6
Nf4 29. Bxf4 exf4 30. Qxb7 Rxb7 31. d4 g5 32. Na5 Rb6 33. Kg2 Kd7 34. Rh1 Rb8
35. Rac1 h5 36. e5 Be7 37. exd6 cxd6 38. Ra1 Rg7 39. Nc4 $138 0-1

[Event "Flint (Class DE/4)"]
[Site "?"]
[Date "1992.??.??"]
[Round "?"]
[White "Mihelich, John"]
[Black "Worthey Sr., R."]
[Result "0-1"]
[WhiteElo "1605"]
[BlackElo "1605"]
[PlyCount "138"]
[EventDate "1992.??.??"]

1. e4 e5 2. Nf3 Nf6 3. d3 Nc6 4. Bg5 Be7 5. Bxf6 Bxf6 6. Nbd2 d5 7. Be2 Be6 8.
O-O O-O 9. h3 Qd7 10. Nh2 Rad8 11. Bg4 Nd4 12. f4 exf4 13. Rxf4 dxe4 14. Nxe4
Be5 15. Nc5 Qd5 16. Nxe6 Nxe6 17. Bf3 Qc5+ 18. Kh1 Bxf4 19. Ng4 Rd6 20. Qf1 Qg5
21. Qg1 Nd4 22. Nf2 Qh4 23. Bg4 h5 24. Re1 hxg4 25. Nxg4 Nf5 26. Qf2 Ng3+ 27.
Kg1 Qg5 28. a4 Re6 29. Rxe6 fxe6 30. b4 Be3 31. Qxe3 Rf1+ 32. Kh2 Qxe3 33. Nxe3
Ra1 34. Kxg3 Rxa4 35. c3 Ra2 36. Kf3 Kf7 37. Ke4 Re2 38. h4 Re1 39. g4 Rxe3+
40. Kxe3 Kf6 41. Ke4 g6 42. g5+ Kf7 43. Ke5 Ke7 44. d4 a6 45. d5 exd5 46. Kxd5
b6 47. b5 a5 48. Kc4 Ke6 49. Kd4 Kf5 50. c4 Kg4 51. c5 Kxh4 52. cxb6 cxb6 53.
Kd5 a4 54. Kc4 Kxg5 55. Kb4 a3 56. Kxa3 Kf5 57. Kb3 g5 58. Kc4 g4 59. Kd5 g3
60. Kc6 g2 61. Kxb6 g1=Q+ 62. Ka6 Qa1+ 63. Kb7 Ke6 64. b6 Kd7 65. Kb8 Qa5 66.
Kb7 Qe5 67. Ka8 Qe8+ 68. Ka7 Kc6 69. b7 Qd7 0-1

[Event "Flint (Class DE/1)"]
[Site "?"]
[Date "1992.??.??"]
[Round "?"]
[White "Mihelich, John"]
[Black "Wasserman, R."]
[Result "0-1"]
[WhiteElo "1605"]
[BlackElo "1605"]
[PlyCount "99"]
[EventDate "1992.??.??"]

1. e4 c5 2. c4 Nc6 3. Nf3 d6 4. h3 g6 5. d4 cxd4 6. Nxd4 Bg7 7. Be3 Nf6 8. Nc3
O-O 9. Qd2 Bd7 10. Be2 a6 11. a3 Rc8 12. O-O Na5 13. b4 Nxc4 14. Bxc4 Rxc4 15.
f3 Qc7 16. Rac1 Rc8 17. Nce2 Qd8 18. Nb3 Bb5 19. Na5 Rxc1 20. Rxc1 Rxc1+ 21.
Nxc1 b6 22. Nab3 Qc7 23. Nd4 Bc4 24. Nde2 e6 25. Bg5 d5 26. Bxf6 Bxf6 27. exd5
exd5 28. Nf4 Qe5 29. Ncd3 Qd4+ 30. Kh2 g5 31. Nh5 Be5+ 32. g3 Bxd3 33. Qxg5+
Bg7 34. Qd8+ Bf8 35. Qg5+ Kh8 36. Nf4 Qf2+ 37. Kh1 Qxf3+ 38. Kh2 Qf2+ 39. Ng2
Qf5 40. Qd8 Kg8 41. Nf4 Be4 42. Qxb6 Qe5 43. Qxa6 Qb2+ 44. Qe2 Qxe2+ 45. Nxe2
Bd3 46. Nd4 Bg7 47. Nc6 Bb5 48. Ne7+ Kf8 49. Nxd5 Bb2 50. Nc7 0-1

[Event "Flint (Class DE/5)"]
[Site "?"]
[Date "1992.??.??"]
[Round "?"]
[White "Mihelich, John"]
[Black "Shoulders, C."]
[Result "1-0"]
[WhiteElo "1605"]
[BlackElo "1605"]
[PlyCount "59"]
[EventDate "1992.??.??"]

1. e4 d5 2. Nc3 dxe4 3. Nxe4 Nf6 4. Nxf6+ exf6 5. d3 Be7 6. Be3 O-O 7. Qd2 Be6
8. Nf3 c5 9. Be2 Nc6 10. c3 Qc7 11. O-O Rad8 12. h4 Ne5 13. Nxe5 fxe5 14. h5 h6
15. Bxh6 gxh6 16. Qxh6 Rd6 17. Qe3 Bd7 18. Qxe5 Re8 19. Qg3+ Kf8 20. h6 Bf6 21.
h7 Ke7 22. Rae1 Kd8 23. Qg8 Bh8 24. Bg4 Rg6 25. Rxe8+ Bxe8 26. Qxh8 Rxg4 27.
Qxe8+ Kxe8 28. h8=Q+ Kd7 29. Qh3 Qf4 30. f3 1-0

[Event "Flint (Class A/2)"]
[Site "?"]
[Date "1992.??.??"]
[Round "?"]
[White "Michailoff, M."]
[Black "Ghiata, Gheorghe"]
[Result "0-1"]
[WhiteElo "1850"]
[BlackElo "1945"]
[PlyCount "88"]
[EventDate "1992.??.??"]

1. e4 e5 2. Nf3 Nf6 3. Bc4 Nxe4 4. Nc3 Nf6 5. Nxe5 d5 6. Bb3 c6 7. d4 Be7 8.
O-O O-O 9. Re1 Re8 10. Ne2 Bd6 11. Ng3 Bxe5 12. dxe5 Ng4 13. Qd4 f6 14. Bf4
fxe5 15. Bxe5 Nxe5 16. Rxe5 Nd7 17. Rxe8+ Qxe8 18. c4 dxc4 19. Bxc4+ Kh8 20.
Nf5 Qe5 21. Qd3 Nf8 22. Nd6 Be6 23. Rd1 b5 24. Bb3 Kg8 25. Nf5 Re8 26. h3 a6
27. Kf1 c5 28. Re1 Qxe1+ 29. Kxe1 Bxb3+ 30. Ne3 Bxa2 31. Qa3 Bd5 32. Kf1 b4 33.
Qa4 Bf7 34. Qxa6 b3 35. Nc4 Bd5 36. Nd6 Ra8 37. Qd3 Ra1+ 38. Ke2 Be6 39. f4 Rc1
40. Qg3 Rc2+ 41. Kd3 c4+ 42. Kd4 c3 43. f5 cxb2 44. Ne8 Rc4+ 0-1

[Event "Flint (Class A/3)"]
[Site "?"]
[Date "1992.??.??"]
[Round "?"]
[White "Michailoff, M."]
[Black "Dangremond, Leonard"]
[Result "0-1"]
[WhiteElo "1850"]
[BlackElo "1945"]
[PlyCount "100"]
[EventDate "1992.??.??"]

1. e4 e5 2. Nf3 Nc6 3. Bc4 Bc5 4. c3 Nf6 5. d4 exd4 6. cxd4 Bb4+ 7. Nc3 Nxe4 8.
O-O Bxc3 9. bxc3 d5 10. Ba3 Be6 11. Re1 Nd6 12. Bd3 O-O 13. Qc2 g6 14. Bc1 Re8
15. Bg5 Qd7 16. Bf6 Bf5 17. Ne5 Bxd3 18. Qxd3 Qf5 19. Qxf5 Nxf5 20. Re2 Re6 21.
g4 Nfxd4 22. cxd4 Rxf6 23. Nxc6 Rxc6 24. Rae1 Kf8 25. f4 Rd8 26. h4 Rc4 27. Re7
Rxd4 28. Rxc7 Rxf4 29. Ree7 Rxg4+ 30. Kf2 Rf4+ 31. Kg3 Rf5 32. Rxb7 a5 33. Kg4
h5+ 34. Kg3 d4 35. Red7 Rxd7 36. Rxd7 Ke8 37. Rxd4 Ke7 38. a4 Ke6 39. Rd1 Ke5
40. Rb1 Kd4 41. Rb7 Kc3 42. Rb5 Kc4 43. Rxf5 gxf5 44. Kf4 Kb4 45. Kxf5 Kxa4 46.
Kg5 Kb5 47. Kxh5 a4 48. Kh6 a3 49. h5 a2 50. Kg7 f5 0-1

[Event "Flint (Class A/5)"]
[Site "?"]
[Date "1992.??.??"]
[Round "?"]
[White "Michailoff, M."]
[Black "Boes, Jeff"]
[Result "1-0"]
[WhiteElo "1850"]
[BlackElo "1885"]
[PlyCount "67"]
[EventDate "1992.??.??"]

1. e4 d5 2. exd5 Qxd5 3. Nc3 Qa5 4. d4 Nf6 5. Nf3 Bf5 6. Bd3 e6 7. O-O Bb4 8.
Bd2 Bxd3 9. cxd3 O-O 10. a3 Be7 11. Rc1 c6 12. Re1 Qf5 13. Ne5 Rd8 14. g4 Nxg4
15. Qxg4 Qxg4+ 16. Nxg4 Rxd4 17. Ne5 Bf6 18. f4 Na6 19. Ne4 Be7 20. Be3 Rdd8
21. d4 Nc7 22. Nc3 Nd5 23. Nxd5 Rxd5 24. Re2 Rad8 25. Rg2 f6 26. Nf3 Bd6 27.
Kh1 Bf8 28. Rcg1 c5 29. dxc5 Rd3 30. Rd2 R8d5 31. Rxd3 Rxd3 32. Re1 Kf7 33. Kg2
Rb3 34. Bd4 1-0

[Event "Detroit (Pan Am/2)"]
[Site "?"]
[Date "1992.??.??"]
[Round "?"]
[White "Metzelaar, J."]
[Black "Sajkowski, D."]
[Result "1/2-1/2"]
[WhiteElo "1730"]
[BlackElo "1900"]
[PlyCount "98"]
[EventDate "1992.??.??"]

1. d4 Nf6 2. c4 g6 3. Nc3 Bg7 4. Bf4 d6 5. e3 O-O 6. Nf3 Nbd7 7. Bd3 Re8 8. O-O
e5 9. Bg5 h6 10. Bxf6 Nxf6 11. dxe5 dxe5 12. Qc2 Qe7 13. Nd2 c6 14. Rad1 Nd7
15. Nde4 f5 16. Ng3 e4 17. Be2 Ne5 18. Rd2 Be6 19. b3 Rad8 20. Rfd1 Rxd2 21.
Rxd2 Rd8 22. h3 Rxd2 23. Qxd2 Qd7 24. Qxd7 Bxd7 25. Nb1 Bf8 26. Kf1 Be6 27. Ke1
Bb4+ 28. Kd1 a5 29. Kc2 a4 30. Nc3 axb3+ 31. axb3 Kf7 32. Bd1 Nd3 33. Nh1 Ne1+
34. Kb2 Nxg2 35. Ng3 Ne1 36. Be2 Kf6 37. Na2 Ba5 38. b4 Bc7 39. Kc3 Be5+ 40.
Kb3 b5 41. Nc3 Nf3 42. Ngxe4+ fxe4 43. Nxe4+ Kf5 44. Bxf3 Bxc4+ 45. Kc2 Bd5 46.
Ng3+ Bxg3 47. Bxd5 Bxf2 48. e4+ Ke5 49. Bxc6 Kd4 1/2-1/2

[Event "Detroit (Pan Am/6)"]
[Site "?"]
[Date "1992.??.??"]
[Round "?"]
[White "Metzelaar, J."]
[Black "Mackert, C."]
[Result "1-0"]
[WhiteElo "1730"]
[BlackElo "1605"]
[PlyCount "85"]
[EventDate "1992.??.??"]

1. d4 c6 2. c4 d5 3. cxd5 cxd5 4. Nc3 Bf5 5. e3 e6 6. Bb5+ Nd7 7. Nf3 Ngf6 8.
O-O a6 9. Be2 b5 10. a3 Bd6 11. Bd2 Qc7 12. Rc1 Qb7 13. Nh4 Bg6 14. Bf3 Rc8 15.
g3 Bd3 16. Re1 g5 17. Ng2 h5 18. Na2 g4 19. Rxc8+ Qxc8 20. Be2 Bxe2 21. Rxe2
Ne4 22. Bb4 Bxb4 23. Nxb4 Nb8 24. Rc2 Qb7 25. Qc1 Kd7 26. Nd3 f6 27. Ngf4 Qb6
28. Nc5+ Nxc5 29. dxc5 Qc6 30. b4 Rh6 31. Rd2 f5 32. Qc3 Rh7 33. Qf6 a5 34. Ng6
Kc7 35. Nf8 Nd7 36. Nxe6+ Kb8 37. Qd8+ Qc8 38. Qxc8+ Kxc8 39. Rxd5 axb4 40.
axb4 h4 41. gxh4 Rxh4 42. c6 Rh7 43. Rxb5 1-0

[Event "Detroit (Pan Am/5)"]
[Site "?"]
[Date "1992.??.??"]
[Round "?"]
[White "Metzelaar, J."]
[Black "Kane, Paul"]
[Result "0-1"]
[WhiteElo "1730"]
[BlackElo "1605"]
[PlyCount "53"]
[EventDate "1992.??.??"]

1. d4 d5 2. c4 c6 3. cxd5 cxd5 4. Nc3 Nf6 5. Bf4 Nc6 6. e3 Bg4 7. Be2 Bxe2 8.
Ngxe2 e6 9. O-O Be7 10. Rc1 O-O 11. a3 Rc8 12. Bg3 Re8 13. Nf4 Bd6 14. Nd3 e5
15. dxe5 Nxe5 16. Nxe5 Bxe5 17. Qb3 d4 18. Rfd1 Bxg3 19. hxg3 d3 20. Qb5 d2 21.
Rc2 Ne4 22. f3 Nxc3 23. bxc3 Qc7 24. Rcxd2 Qxc3 25. Rd3 Qc7 26. Kf2 a6 27. R1d2
0-1

[Event "Detroit (Pan Am/3)"]
[Site "?"]
[Date "1992.??.??"]
[Round "?"]
[White "Meng, A."]
[Black "Turner, Keita"]
[Result "1/2-1/2"]
[WhiteElo "1975"]
[BlackElo "1745"]
[PlyCount "76"]
[EventDate "1992.??.??"]

1. e4 c5 2. f4 d5 3. exd5 Qxd5 4. Nc3 Qd8 5. Nf3 Nc6 6. Bc4 Nf6 7. O-O Bg4 8.
d3 e6 9. Ne2 Be7 10. Bb5 Bxf3 11. Rxf3 Qc7 12. Qe1 a6 13. Ba4 O-O-O 14. Bd2 Nd5
15. a3 Bf6 16. Rb1 e5 17. Bxc6 Qxc6 18. c4 Nxf4 19. Nxf4 exf4 20. Bxf4 Bd4+ 21.
Kh1 Rhe8 22. Qg3 Re6 23. b4 Rde8 24. Qh3 Kd8 25. Qxh7 f6 26. h3 R6e7 27. Qh5 g5
28. Bg3 Qd7 29. Qg6 g4 30. Qxg4 Qxg4 31. hxg4 Re2 32. Bd6 cxb4 33. axb4 Rh8+
34. Rh3 Rg8 35. Rg3 Bf2 36. Rh3 Rxg4 37. Bc5 Be1 38. Rh2 Bg3 1/2-1/2

[Event "Flint (Class A/2)"]
[Site "?"]
[Date "1992.??.??"]
[Round "?"]
[White "Mekus, R."]
[Black "Williams, Ron"]
[Result "0-1"]
[WhiteElo "1830"]
[BlackElo "1860"]
[PlyCount "57"]
[EventDate "1992.??.??"]

1. d4 d5 2. Nf3 Nf6 3. Bg5 e6 4. Nbd2 Be7 5. e3 Nbd7 6. Bd3 b6 7. c3 Bb7 8. Qe2
Ne4 9. Bxe7 Qxe7 10. O-O O-O 11. Rac1 f5 12. c4 c5 13. Rfe1 Rf6 14. Nf1 Raf8
15. Ne5 Nxe5 16. dxe5 Rh6 17. f3 Ng5 18. f4 Nf7 19. Rc2 g5 20. Qf2 Rg6 21. a4
gxf4 22. cxd5 Bxd5 23. e4 Nxe5 24. exd5 Nxd3 25. Qe2 Nxe1 26. Qxe1 e5 27. Nd2
Qd6 28. Nf3 Qxd5 29. Rd2 0-1

[Event "Flint (Class A/4)"]
[Site "?"]
[Date "1992.??.??"]
[Round "?"]
[White "Mekus, R."]
[Black "Smith, Ed"]
[Result "0-1"]
[WhiteElo "1830"]
[BlackElo "1890"]
[PlyCount "40"]
[EventDate "1992.??.??"]

1. e4 e5 2. Nf3 Nf6 3. Bc4 Nxe4 4. Nc3 Nc6 5. O-O Nd6 6. Bd5 Be7 7. d4 exd4 8.
Nxd4 O-O 9. Bf4 Nxd4 10. Bxd6 Ne6 11. Bg3 c6 12. Bxe6 dxe6 13. Qe2 Qb6 14. Rab1
f6 15. Kh1 e5 16. f4 exf4 17. Bxf4 Bb4 18. Rf3 Bxc3 19. Qc4+ Kh8 20. bxc3 Qxb1+
0-1

[Event "Lansing (Aug)"]
[Site "?"]
[Date "1992.??.??"]
[Round "?"]
[White "McNutt, K."]
[Black "Vorhauer, Sam"]
[Result "0-1"]
[WhiteElo "1605"]
[BlackElo "1605"]
[PlyCount "80"]
[EventDate "1992.??.??"]

1. e4 e6 2. d4 d5 3. e5 c5 4. c3 cxd4 5. cxd4 Nc6 6. Nf3 Qb6 7. Nc3 Nge7 8. Rb1
Nf5 9. Be3 Nxe3 10. fxe3 Be7 11. Bd3 f5 12. exf6 gxf6 13. Qc2 f5 14. Ne5 Nxe5
15. dxe5 Qxe3+ 16. Qe2 Qxe2+ 17. Bxe2 h5 18. Bb5+ Bd7 19. Bxd7+ Kxd7 20. Rc1
Bh4+ 21. g3 Bg5 22. Rc2 a6 23. Na4 Be3 24. Re2 Ba7 25. Kd2 b5 26. Nc3 Rac8 27.
a4 b4 28. Na2 a5 29. Rc1 Rxc1 30. Kxc1 Rc8+ 31. Kd2 Bd4 32. Kd3 Bc5 33. Rc2 b3
34. Rc1 bxa2 35. Ra1 Rb8 36. Rxa2 Rb3+ 37. Kc2 Re3 38. b3 Re2+ 39. Kb1 Rxa2 40.
Kxa2 Bf2 0-1

[Event "Lansing (Apr)"]
[Site "?"]
[Date "1992.??.??"]
[Round "?"]
[White "McNutt, K."]
[Black "Spencer, Gordon"]
[Result "0-1"]
[WhiteElo "1605"]
[BlackElo "1605"]
[PlyCount "134"]
[EventDate "1992.??.??"]

1. e4 c5 2. Bc4 e6 3. Nf3 d6 4. c3 Nc6 5. a3 a6 6. O-O g6 7. d3 Bg7 8. Bf4 Nge7
9. h3 O-O 10. Re1 Bd7 11. Nbd2 b5 12. Bb3 Rc8 13. a4 Na5 14. axb5 axb5 15. Bxd6
c4 16. Bxe7 Qxe7 17. Rxa5 cxb3 18. Nxb3 b4 19. cxb4 Qxb4 20. Ra7 Ba4 21. Nfd2
Bxb2 22. Qb1 Bc3 23. Rd1 Rb8 24. Qa2 Bxb3 25. Nxb3 Qxb3 26. Qxb3 Rxb3 27. Rc7
Bf6 28. d4 Rd8 29. d5 Be5 30. Ra7 Rb4 31. d6 Rxd6 32. Ra8+ Kg7 33. Rc1 Rxe4 34.
g3 Red4 35. Ra2 Rd1+ 36. Rxd1 Rxd1+ 37. Kg2 Bd4 38. Kf3 Ra1 39. Rxa1 Bxa1 40.
Ke4 h5 41. Kf4 Bf6 42. h4 e5+ 43. Ke4 Kf8 44. f4 exf4 45. gxf4 Bxh4 46. Ke5 Bg3
47. Ke4 f5+ 48. Kf3 h4 49. Kg2 Bxf4 50. Kf3 g5 51. Kg2 g4 52. Kg1 h3 53. Kf2
g3+ 54. Kg1 Be3+ 55. Kf1 g2+ 56. Ke2 f4 57. Kf3 g1=Q 58. Ke4 h2 59. Ke5 h1=Q
60. Kd6 Qh7 61. Ke5 f3 62. Kd5 Qg4 63. Ke5 Qe7+ 64. Kd5 Qgg5+ 65. Kc4 Qd6 66.
Kc3 Qdc5+ 67. Kb3 Qb6+ 0-1

[Event "Lansing (Aug)"]
[Site "?"]
[Date "1992.??.??"]
[Round "?"]
[White "McNutt, K."]
[Black "Jackson, Don"]
[Result "0-1"]
[WhiteElo "1605"]
[BlackElo "1605"]
[PlyCount "39"]
[EventDate "1992.??.??"]

1. e4 e5 2. Nf3 Nc6 3. Nc3 Nf6 4. Bb5 d6 5. d3 Bd7 6. Be3 a6 7. Bxc6 Bxc6 8. d4
Nxe4 9. Nxe4 Bxe4 10. c3 Qf6 11. dxe5 dxe5 12. Qa4+ Bc6 13. Qa5 b6 14. Qxe5+
Qxe5 15. Nxe5 Be4 16. O-O-O g6 17. Rd4 Bf5 18. Bg5 Bg7 19. Rhd1 O-O 20. Rd5 0-1

[Event "Lansing (Apr)"]
[Site "?"]
[Date "1992.??.??"]
[Round "?"]
[White "McNutt, K."]
[Black "Brauker, J."]
[Result "1/2-1/2"]
[WhiteElo "1605"]
[BlackElo "1605"]
[PlyCount "92"]
[EventDate "1992.??.??"]

1. e4 e6 2. d4 d5 3. e5 c5 4. c3 Nc6 5. Bb5 Bd7 6. Be3 Qb6 7. Na3 Nh6 8. Nf3
Nf5 9. Qb3 cxd4 10. Nxd4 Nfxd4 11. Bxd4 Nxd4 12. cxd4 Bxb5 13. Qxb5+ Qxb5 14.
Nxb5 Bb4+ 15. Nc3 O-O 16. O-O Rac8 17. Rac1 a6 18. Na4 Bd2 19. Rxc8 Rxc8 20.
Nc5 b6 21. Nb3 Bg5 22. f4 Bh6 23. Rf2 g6 24. h3 a5 25. g3 a4 26. Na1 Rc1+ 27.
Rf1 Rxf1+ 28. Kxf1 Kf8 29. Ke2 Ke8 30. Kd3 Bf8 31. Kc3 Kd7 32. Nc2 Be7 33. b3
axb3 34. Kxb3 f6 35. Ka4 fxe5 36. fxe5 Kc6 37. Nb4+ Bxb4 38. Kxb4 h5 39. g4
hxg4 40. hxg4 g5 41. a4 Kc7 42. Kb5 Kb7 43. a5 bxa5 44. Kxa5 Kc6 45. Kb4 Kb6
46. Ka4 Ka6 1/2-1/2

[Event "Detroit (MI Action/2)"]
[Site "?"]
[Date "1992.??.??"]
[Round "?"]
[White "McNeil, Yaking"]
[Black "Stinson, Darlene"]
[Result "0-1"]
[WhiteElo "1605"]
[BlackElo "1605"]
[PlyCount "125"]
[EventDate "1992.??.??"]

1. d4 Nf6 2. Nc3 d6 3. e4 g6 4. Nf3 Bg7 5. Bc4 c6 6. O-O O-O 7. Ng5 d5 8. exd5
Nxd5 9. Nxd5 cxd5 10. Bb3 Nc6 11. c3 e6 12. Nf3 Bd7 13. c4 dxc4 14. Bxc4 Qf6
15. d5 exd5 16. Qxd5 Be6 17. Qc5 Bxc4 18. Qxc4 Rae8 19. Re1 Rxe1+ 20. Nxe1 Qe5
21. Nf3 Qd6 22. Ng5 Qd1+ 23. Qf1 Qxf1+ 24. Kxf1 Rd8 25. Rb1 Ne5 26. Be3 b6 27.
f4 Nc4 28. Bc1 Nd6 29. b4 Nc4 30. a4 Nd6 31. a5 b5 32. Be3 Nc4 33. Ne4 Nxe3+
34. Kf2 Nc4 35. a6 Nd2 36. Nxd2 Rxd2+ 37. Kf1 Rd4 38. g3 Bf8 39. Rc1 Rxb4 40.
Rc7 Ra4 41. Ke1 Rxa6 42. Kd1 Rb6 43. Rxa7 b4 44. Kc1 b3 45. Kb1 b2 46. Ra2 Bg7
47. Ra8+ Bf8 48. Ra2 Bc5 49. Rxb2 Rxb2+ 50. Kxb2 Kg7 51. Kc3 Kf6 52. Kd3 Bg1
53. h3 Bh2 54. g4 Bxf4 55. Ke4 Bg5 56. Kf3 h5 57. Kg3 hxg4 58. Kxg4 Be3 59. h4
Ke5 60. h5 f5+ 61. Kh4 Bf2+ 62. Kg5 gxh5 63. Kxh5 0-1

[Event "Detroit (MI Action/6)"]
[Site "?"]
[Date "1992.??.??"]
[Round "?"]
[White "McNeil, Yaking"]
[Black "Kane, Paul"]
[Result "0-1"]
[WhiteElo "1605"]
[BlackElo "1605"]
[PlyCount "108"]
[EventDate "1992.??.??"]

1. e4 c6 2. d4 d5 3. e5 Bf5 4. Bd3 Bxd3 5. Qxd3 e6 6. Nf3 c5 7. Qb5+ Qd7 8.
Qxd7+ Nxd7 9. c3 cxd4 10. cxd4 Bb4+ 11. Bd2 Bxd2+ 12. Nbxd2 Rc8 13. O-O Ne7 14.
Rfc1 O-O 15. Rxc8 Rxc8 16. b4 Nf5 17. Nb3 b6 18. a4 Rc3 19. Nbd2 Rd3 20. a5 b5
21. a6 Nxd4 22. Nxd4 Rxd4 23. Nf3 Rxb4 24. h3 Re4 25. Rc1 Rc4 26. Rb1 b4 27.
Nd2 Rc2 28. Rxb4 g6 29. Nf3 Nb6 30. Nd4 Ra2 31. Nb5 Rxa6 32. Nxa7 Rxa7 33. Rxb6
Ra1+ 34. Kh2 Re1 35. f4 Re4 36. g3 Rc4 37. Kg2 h5 38. g4 Rc8 39. Kf2 Rd8 40.
Ke2 Kf8 41. Kd3 Ke7 42. Rb7+ Rd7 43. Rxd7+ Kxd7 44. Kd4 Kc6 45. Kd3 Kc5 46. Ke3
Kc4 47. Kd2 Kd4 48. Ke2 Kc3 49. Kd1 Kd3 50. Ke1 Kc2 51. Ke2 d4 52. Ke1 d3 53.
Kf2 d2 54. Ke2 d1=Q+ 0-1

[Event "Detroit (MI Action/5)"]
[Site "?"]
[Date "1992.??.??"]
[Round "?"]
[White "McNeil, Yaking"]
[Black "Berry, M."]
[Result "1-0"]
[WhiteElo "1605"]
[BlackElo "1605"]
[PlyCount "51"]
[EventDate "1992.??.??"]

1. e4 e5 2. Nf3 Nc6 3. Bb5 d5 4. Nc3 Nf6 5. Nxe5 Qe7 6. Nxc6 bxc6 7. Bxc6+ Bd7
8. Bxa8 dxe4 9. O-O Qe5 10. d4 Qd6 11. g3 Ng4 12. Bxe4 Qf6 13. Nd5 Qd6 14. Bf4
Qe6 15. Nxc7+ Ke7 16. Nxe6 Bxe6 17. Qe1 g6 18. Qb4+ Kf6 19. Be5+ Kg5 20. Qd2+
Kh5 21. h3 Nxe5 22. dxe5 Bh6 23. Qe2+ Kg5 24. Qe3+ Kh5 25. Bf3+ Bg4 26. Bxg4#
1-0

[Event "Ann Arbor (HVA/3/16)"]
[Site "?"]
[Date "1992.??.??"]
[Round "?"]
[White "McKinney, D."]
[Black "Rosebrook, G."]
[Result "0-1"]
[WhiteElo "1605"]
[BlackElo "1605"]
[PlyCount "88"]
[EventDate "1992.??.??"]

{3/(16)} 1. e4 c5 2. c3 Nf6 3. e5 Nd5 4. d4 e6 5. Nf3 a6 6. Bc4 Nb6 7. b3 Nxc4
8. bxc4 b6 9. O-O Bb7 10. Be3 Nc6 11. d5 Na5 12. Nbd2 exd5 13. cxd5 Bxd5 14.
Bg5 Be7 15. Bxe7 Qxe7 16. Rb1 b5 17. a4 Bc6 18. axb5 axb5 19. Ra1 O-O 20. Re1
h6 21. Ne4 Bxe4 22. Rxe4 Qe6 23. Qd6 Nb7 24. Qd1 c4 25. Nd4 Qd5 26. Re2 Nc5 27.
Nxb5 Rxa1 28. Qxa1 Nb3 29. Nc7 Qd3 30. Qe1 Qg6 31. h3 Nc5 32. Rd2 Nd3 33. Qd1
Qc6 34. Qg4 Qxc7 35. f4 Ra8 36. Kh2 Ra6 37. h4 Qd8 38. Kh3 Rg6 39. Qf5 Qb6 40.
h5 Qe3+ 41. Kh2 Qg3+ 42. Kg1 Rg4 43. Ra2 Qe3+ 44. Kf1 Qe1# 0-1